| 000 | 00471nam a2200193 a 4500 | ||
|---|---|---|---|
| 001 | 1758099019385 | ||
| 003 | ACL | ||
| 005 | 20250917142338.0 | ||
| 008 | 250917s2000##################000#0#eng## | ||
| 020 | _a9780333744888 | ||
| 082 | 0 | 4 |
_a791.4575 _bGRE |
| 100 | 1 |
_aGregory, Chris, _eauthor. |
|
| 245 | 1 | 0 | _aStar Trek : |
| 260 |
_bMacMillan, _c2000. |
||
| 300 | _a225 pages | ||
| 650 | 0 | _aStar Trek television programs. | |
| 942 | _cENGLISH | ||
| 040 |
_aACL _beng _cACL |
||
| 999 |
_c587691 _d587691 |
||